Statistics for Guess the island country by the picture

Click here to take the quiz!

General Stats

  • This quiz has been taken 54 times
  • The average score is 9 of 20

Answer Stats

Answer% Correct
Japan
98%
Australia
93%
United Kingdom
88%
Singapore
77%
Cuba
74%
Taiwan
74%
Madagascar
67%
Iceland
56%
Malta
44%
Bahamas
42%
Ireland
42%
New Zealand
33%
Indonesia
30%
Sri Lanka
28%
Fiji
23%
Philippines
19%
Cyprus
16%
Trinidad and Tobago
9%
Antigua and Barbuda
5%
Palau
5%

Score Distribution

Percentile by Number Answered

Percent of People with Each Score

Your Score History

You have not taken this quiz